| 000 | 00373 a2200133 4500 | ||
|---|---|---|---|
| 001 | 87767 | ||
| 082 | _aPR 144 | ||
| 090 |
_c41226 _d41226 |
||
| 100 | _aKhurram Shahzad, Plt Off 15471 | ||
| 245 | _aStructural Analysis of C130 AFT fuselage assembly | ||
| 260 |
_aRisalpur _bNUST Risalpur _c2011 |
||
| 300 |
_axii, 55p. _eShakeel Safdar, Wg Cdr |
||
| 500 | _aBE Project Reports | ||
| 942 |
_aCAE NUST _kPR 144 |
||
| 999 |
_c322840 _d322840 |
||